[Event "NB2 Szechenyi csoport"]
[Site "Sopron"]
[Date "2024.11.03"]
[Round "1.7"]
[White "Farkas, Jozsef"]
[Black "Lamik, Janos"]
[Result "0-1"]
[WhiteElo "1620"]
[BlackElo "1969"]
[PlyCount "84"]
[EventDate "2024.11.03"]
[EventType "team-tourn"]
[EventRounds "11"]
[EventCountry "HUN"]
[Source "chess.hu"]
[SourceDate "2024.11.04"]
[WhiteTeam "Tapolca VSE II."]
[BlackTeam "Soproni MAFC"]
[WhiteTeamCountry "HUN"]
[BlackTeamCountry "HUN"]

1. d4 Nf6 2. Nf3 e6 3. Nc3 d5 4. Bg5 Be7 5. Qd3 b6 6. e4 Ba6 7. Qe3 Bxf1 8.
Rxf1 dxe4 9. Nd2 Nd5 10. Nxd5 Bxg5 11. Qxe4 Bxd2+ 12. Kxd2 Qxd5 13. Qxd5 exd5
14. Rfe1+ Kd7 15. Re5 Kd6 16. Rae1 Nc6 17. R5e3 Nxd4 18. c3 Ne6 19. g3 c5 20.
b3 Rhe8 21. h4 Nc7 22. Rxe8 Rxe8 23. c4 Rxe1 24. Kxe1 d4 25. Ke2 Ke5 26. Kd3
Ne6 27. f3 f5 28. f4+ Nxf4+ 29. gxf4+ Kxf4 30. a4 a5 31. h5 Kg3 32. Ke2 Kg2 33.
Kd3 Kf2 34. Kd2 g5 35. h6 g4 36. Kd3 g3 37. b4 g2 38. bxa5 bxa5 39. Kd2 g1=Q
40. Kc2 Ke2 41. Kb2 Kd2 42. Ka3 Qa1+ 0-1

[Event "NB2 Szechenyi csoport"]
[Site "Sopron"]
[Date "2024.11.03"]
[Round "1.8"]
[White "Gyurika, Tamas"]
[Black "Lakos, Dezso"]
[Result "1-0"]
[WhiteElo "1950"]
[BlackElo "1652"]
[PlyCount "77"]
[EventDate "2024.11.03"]
[EventType "team-tourn"]
[EventRounds "11"]
[EventCountry "HUN"]
[Source "chess.hu"]
[SourceDate "2024.11.04"]
[WhiteTeam "Soproni MAFC"]
[BlackTeam "Tapolca VSE II."]
[WhiteTeamCountry "HUN"]
[BlackTeamCountry "HUN"]

1. e4 d5 2. exd5 Nf6 3. d4 Nxd5 4. Nf3 h6 5. Bc4 Bg4 6. Nc3 c6 7. h3 Bh5 8. g4
Bg6 9. Ne5 Bh7 10. Nxd5 Be4 11. Nc3 Bd5 12. Nxd5 cxd5 13. Bb5+ Nc6 14. c3 Qc7
15. Bf4 O-O-O 16. Bxc6 bxc6 17. Qa4 Rd6 18. O-O-O Rf6 19. Bg3 Qb6 20. f4 g5 21.
f5 Bg7 22. Nd3 Rd8 23. Nc5 Bf8 24. Be5 Rfd6 25. Bxd6 exd6 26. Qa6+ Qxa6 27.
Nxa6 c5 28. b4 Kb7 29. b5 Kb6 30. a4 Ka5 31. Kc2 Rd7 32. Nb8 Rc7 33. Nc6+ Kb6
34. f6 a6 35. Ra1 a5 36. Rae1 Rc8 37. h4 Kc7 38. hxg5 hxg5 39. Rh7 1-0

[Event "NB2 Szechenyi csoport"]
[Site "Sopron"]
[Date "2024.11.03"]
[Round "1.9"]
[White "Torok, Gyula"]
[Black "Kovacs, Dezso"]
[Result "0-1"]
[WhiteElo "1602"]
[BlackElo "1891"]
[PlyCount "106"]
[EventDate "2024.11.03"]
[EventType "team-tourn"]
[EventRounds "11"]
[EventCountry "HUN"]
[Source "chess.hu"]
[SourceDate "2024.11.04"]
[WhiteTeam "Tapolca VSE II."]
[BlackTeam "Soproni MAFC"]
[WhiteTeamCountry "HUN"]
[BlackTeamCountry "HUN"]

1. d4 d5 2. c4 e6 3. Nf3 Nf6 4. Nc3 c6 5. g3 Be7 6. Ne5 Nbd7 7. f4 Qc7 8. e3 a6
9. c5 b6 10. cxb6 Nxb6 11. a3 Bb7 12. Bg2 c5 13. Na4 O-O 14. Qc2 Nxa4 15. Qxa4
Rac8 16. O-O Qb6 17. Rb1 c4 18. Bd2 Qb5 19. Qc2 Qb3 20. Qc3 Ba8 21. Qa5 Qb5 22.
g4 Bd8 23. Qb4 Rb8 24. g5 Ne4 25. Bxe4 dxe4 26. Nd7 Qxd7 27. Qxb8 Bxg5 28. Qe5
Bf6 29. Qa5 Qa7 30. Qc5 Qb7 31. Qxc4 Rc8 32. Qb4 Qd5 33. Rbc1 Rd8 34. Qc5 Qd7
35. Qc7 Qe8 36. f5 Bd5 37. Ba5 Ra8 38. Rc5 h6 39. Qf4 Bg5 40. Qg3 Rc8 41. Re1
Rxc5 42. dxc5 Qe7 43. Qd6 Qf6 44. fxe6 fxe6 45. Rf1 Bxe3+ 46. Kg2 Qxb2+ 47. Kh3
Qe2 48. Rf8+ Kh7 49. Qg3 Bxc5 50. Rf7 Qh5+ 51. Qh4 Qxf7 52. a4 Qf1+ 53. Kg4
Qf3# 0-1

[Event "NB2 Szechenyi csoport"]
[Site "Sopron"]
[Date "2024.11.03"]
[Round "1.10"]
[White "Besenyi, Tibor"]
[Black "Lukacs, Levente"]
[Result "0-1"]
[WhiteElo "1891"]
[BlackElo "1560"]
[PlyCount "70"]
[EventDate "2024.11.03"]
[EventType "team-tourn"]
[EventRounds "11"]
[EventCountry "HUN"]
[Source "chess.hu"]
[SourceDate "2024.11.04"]
[WhiteTeam "Soproni MAFC"]
[BlackTeam "Tapolca VSE II."]
[WhiteTeamCountry "HUN"]
[BlackTeamCountry "HUN"]

1. e4 c5 2. Nf3 e6 3. d4 cxd4 4. Nxd4 Nf6 5. Nc3 d6 6. Be3 a6 7. f3 b5 8. a3
Bb7 9. Bd3 Nbd7 10. O-O Be7 11. f4 O-O 12. Qf3 Nc5 13. Rae1 Re8 14. Qh3 Nxd3
15. cxd3 Qd7 16. Rf3 Rac8 17. Rg3 g6 18. f5 Bf8 19. Rf1 Bg7 20. Qh4 Nh5 21. Rh3
Qe7 22. Qf2 Nf6 23. Qg3 exf5 24. Nde2 fxe4 25. d4 Nd5 26. Nxd5 Bxd5 27. Bf4 Rc6
28. Bg5 Qd7 29. Be3 Bc4 30. Qf2 Bxe2 31. Qxe2 d5 32. Qd2 f5 33. Bh6 Bxh6 34.
Rxh6 Qg7 35. Rxf5 e3 0-1

[Event "NB2 Szechenyi csoport"]
[Site "Sopron"]
[Date "2024.11.03"]
[Round "1.11"]
[White "Torok, Gergo"]
[Black "Samson, Marton"]
[Result "0-1"]
[WhiteElo "1481"]
[BlackElo "1637"]
[PlyCount "62"]
[EventDate "2024.11.03"]
[EventType "team-tourn"]
[EventRounds "11"]
[EventCountry "HUN"]
[Source "chess.hu"]
[SourceDate "2024.11.04"]
[WhiteTeam "Tapolca VSE II."]
[BlackTeam "Soproni MAFC"]
[WhiteTeamCountry "HUN"]
[BlackTeamCountry "HUN"]

1. Nf3 Nf6 2. d4 g6 3. c4 c5 4. e3 Bg7 5. Bd3 O-O 6. O-O e6 7. Nbd2 a5 8. a4
cxd4 9. exd4 Nc6 10. Nb3 Nb4 11. Bb1 d6 12. Re1 Qc7 13. c5 dxc5 14. Nxc5 Rd8
15. Nd3 Nc6 16. Bf4 Qd7 17. Nde5 Nxe5 18. Bxe5 b6 19. b3 Bb7 20. Bd3 Ne8 21.
Bxg7 Nxg7 22. Bb5 Bxf3 23. Qxf3 Qxd4 24. Rad1 Qh4 25. Rd7 Rf8 26. h3 Nf5 27.
Red1 Rad8 28. Rxd8 Rxd8 29. Rxd8+ Qxd8 30. Kf1 Qd4 31. g4 Qa1+ 0-1

[Event "NB2 Szechenyi csoport"]
[Site "Aszar"]
[Date "2024.11.03"]
[Round "1.1"]
[White "Szalay-Ocsak, Bank"]
[Black "Szegi, Tamas"]
[Result "1-0"]
[WhiteElo "2156"]
[BlackElo "2141"]
[PlyCount "77"]
[EventDate "2024.11.03"]
[EventType "team-tourn"]
[EventRounds "11"]
[EventCountry "HUN"]
[Source "chess.hu"]
[SourceDate "2024.11.04"]
[WhiteTeam "Sentimento Ajka BSK "]
[BlackTeam "SE Kisber-Aszar"]
[WhiteTeamCountry "HUN"]
[BlackTeamCountry "HUN"]

1. e4 c5 2. Nf3 e6 3. d4 cxd4 4. Nxd4 Nf6 5. Nc3 d6 6. g4 h6 7. Rg1 Nc6 8. Nxc6
bxc6 9. Qf3 Qb6 10. h4 Nd7 11. g5 hxg5 12. hxg5 g6 13. Qg3 Ne5 14. Be2 c5 15.
Bb5+ Bd7 16. Bxd7+ Nxd7 17. b3 Bg7 18. Bb2 c4 19. O-O-O cxb3 20. axb3 Rc8 21.
Kb1 Qc5 22. Rd3 Ne5 23. Rd2 Qb4 24. Kc1 Nc4 25. bxc4 Rb8 26. Nd1 Bxb2+ 27. Nxb2
Qxb2+ 28. Kd1 O-O 29. Ke2 d5 30. Rh1 dxe4 31. c3 Qb3 32. Qe5 Qxc4+ 33. Ke3 f6
34. gxf6 Rb5 35. f7+ Kxf7 36. Rh7+ Ke8 37. Rd8+ Kxd8 38. Qd6+ Kc8 39. Qxf8# 1-0

[Event "NB2 Szechenyi csoport"]
[Site "Aszar"]
[Date "2024.11.03"]
[Round "1.2"]
[White "Sebestyen, Gabor"]
[Black "Vass, Viktor"]
[Result "1/2-1/2"]
[WhiteElo "2179"]
[BlackElo "2150"]
[PlyCount "42"]
[EventDate "2024.11.03"]
[EventType "team-tourn"]
[EventRounds "11"]
[EventCountry "HUN"]
[Source "chess.hu"]
[SourceDate "2024.11.04"]
[WhiteTeam "SE Kisber-Aszar"]
[BlackTeam "Sentimento Ajka BSK "]
[WhiteTeamCountry "HUN"]
[BlackTeamCountry "HUN"]

1. e4 e5 2. Nf3 Nc6 3. Bb5 a6 4. Ba4 Nf6 5. O-O Be7 6. Re1 b5 7. Bb3 d6 8. c3
O-O 9. h3 Na5 10. Bc2 c5 11. d3 Qc7 12. Nbd2 c4 13. d4 Bd7 14. Nf1 Rfb8 15. a3
Nc6 16. Ne3 Bd8 17. Nd5 Qb7 18. Bg5 Ne8 19. Bxd8 Rxd8 20. Qd2 a5 21. Rad1 h6
1/2-1/2

[Event "NB2 Szechenyi csoport"]
[Site "Aszar"]
[Date "2024.11.03"]
[Round "1.3"]
[White "Kosztolanczi, Gyula"]
[Black "Sarok, Peter"]
[Result "0-1"]
[WhiteElo "2038"]
[BlackElo "2012"]
[PlyCount "140"]
[EventDate "2024.11.03"]
[EventType "team-tourn"]
[EventRounds "11"]
[EventCountry "HUN"]
[Source "chess.hu"]
[SourceDate "2024.11.04"]
[WhiteTeam "Sentimento Ajka BSK "]
[BlackTeam "SE Kisber-Aszar"]
[WhiteTeamCountry "HUN"]
[BlackTeamCountry "HUN"]

1. e4 e6 2. d4 d5 3. Nd2 c5 4. Ngf3 Nc6 5. exd5 Qxd5 6. Bc4 Qd8 7. Nb3 cxd4 8.
Nbxd4 Nxd4 9. Nxd4 a6 10. O-O Qc7 11. Bb3 Bd6 12. Re1 Bxh2+ 13. Kh1 Be5 14.
Nxe6 Bxe6 15. Bxe6 fxe6 16. Qh5+ g6 17. Qxe5 Qxe5 18. Rxe5 Kf7 19. Rc5 Re8 20.
Bg5 Nf6 21. Rd1 Rc8 22. Rxc8 Rxc8 23. c3 Rc7 24. Rd8 e5 25. f3 Ke6 26. Kg1 Kf5
27. Bh4 g5 28. g4+ Kg6 29. Bg3 Re7 30. Rd6 Kf7 31. Bf2 h5 32. gxh5 Nxh5 33. Be3
Nf4 34. Kf2 Re6 35. Rd7+ Re7 36. Rxe7+ Kxe7 37. Kg3 Nd3 38. Bxg5+ Ke6 39. b3
Kf5 40. Be3 e4 41. Bd2 Ne5 42. f4 Nd3 43. c4 Nb2 44. c5 Nd3 45. Be3 Nb4 46. a4
Nc2 47. Bg1 Nb4 48. Bd4 Nd3 49. Be3 Nb4 50. Bd2 Nd5 51. Bc1 Nb4 52. a5 Nd5 53.
Bd2 e3 54. Bc1 Ke4 55. f5 Nf6 56. Bb2 Nh5+ 57. Kg2 Kd3 58. f6 Nf4+ 59. Kf3 e2
60. Kf2 Kd2 61. Bc3+ Kxc3 62. f7 Ng6 63. Kxe2 Kxb3 64. Ke3 Kc4 65. Ke4 Kxc5 66.
Kf5 Nf8 67. Kf6 b6 68. Ke7 Nh7 69. axb6 Kxb6 70. Ke6 Kc5 0-1

[Event "NB2 Szechenyi csoport"]
[Site "Aszar"]
[Date "2024.11.03"]
[Round "1.4"]
[White "Somody, Robert"]
[Black "Paksa, Rudolf"]
[Result "0-1"]
[WhiteElo "2010"]
[BlackElo "2031"]
[PlyCount "92"]
[EventDate "2024.11.03"]
[EventType "team-tourn"]
[EventRounds "11"]
[EventCountry "HUN"]
[Source "chess.hu"]
[SourceDate "2024.11.04"]
[WhiteTeam "SE Kisber-Aszar"]
[BlackTeam "Sentimento Ajka BSK "]
[WhiteTeamCountry "HUN"]
[BlackTeamCountry "HUN"]

1. d4 Nf6 2. Bf4 d6 3. e3 c5 4. c3 Qc7 5. Nf3 Nbd7 6. h3 g6 7. Be2 Bg7 8. O-O
O-O 9. Nbd2 b6 10. Bh2 Bb7 11. a4 Rac8 12. a5 Ne4 13. axb6 axb6 14. Ba6 Ra8 15.
Bxb7 Qxb7 16. Nxe4 Qxe4 17. Nd2 Qd3 18. Nf3 Qb5 19. Qc2 Qc6 20. b3 cxd4 21.
exd4 b5 22. Rxa8 Rxa8 23. Bf4 e5 24. dxe5 dxe5 25. Bd2 h6 26. Re1 f5 27. Qc1
Kh7 28. Qb1 Re8 29. h4 e4 30. h5 g5 31. g4 Nc5 32. gxf5 Kh8 33. Nd4 Bxd4 34.
cxd4 Nd3 35. Re3 Qd5 36. Qxd3 exd3 37. Rxe8+ Kg7 38. Rc8 Qxf5 39. Rc5 Qg4+ 40.
Kh2 Qxh5+ 41. Kg3 Qe2 42. Rc7+ Kg6 43. Rc6+ Kh5 44. Bb4 d2 45. Bf8 Qg4+ 46. Kh2
Qf4+ 0-1

[Event "NB2 Szechenyi csoport"]
[Site "Aszar"]
[Date "2024.11.03"]
[Round "1.6"]
[White "Brayer, Janos"]
[Black "Kariko, Lajos"]
[Result "1/2-1/2"]
[WhiteElo "1937"]
[BlackElo "1911"]
[PlyCount "33"]
[EventDate "2024.11.03"]
[EventType "team-tourn"]
[EventRounds "11"]
[EventCountry "HUN"]
[Source "chess.hu"]
[SourceDate "2024.11.04"]
[WhiteTeam "SE Kisber-Aszar"]
[BlackTeam "Sentimento Ajka BSK "]
[WhiteTeamCountry "HUN"]
[BlackTeamCountry "HUN"]

1. d4 Nf6 2. Nf3 e6 3. Nbd2 c5 4. e3 d5 5. c3 Nc6 6. Bd3 Be7 7. O-O O-O 8. Re1
Re8 9. e4 dxe4 10. Nxe4 cxd4 11. cxd4 Nxd4 12. Nxd4 Qxd4 13. Qc2 h6 14. Be3 Qd7
15. Qb3 a6 16. Red1 Qc7 17. Rac1 1/2-1/2

[Event "NB2 Szechenyi csoport"]
[Site "Aszar"]
[Date "2024.11.03"]
[Round "1.7"]
[White "Lejer, Sandor"]
[Black "Salamon, Peter"]
[Result "1/2-1/2"]
[WhiteElo "1903"]
[BlackElo "2002"]
[PlyCount "55"]
[EventDate "2024.11.03"]
[EventType "team-tourn"]
[EventRounds "11"]
[EventCountry "HUN"]
[Source "chess.hu"]
[SourceDate "2024.11.04"]
[WhiteTeam "Sentimento Ajka BSK "]
[BlackTeam "SE Kisber-Aszar"]
[WhiteTeamCountry "HUN"]
[BlackTeamCountry "HUN"]

1. Nf3 d6 2. d4 g6 3. c4 Bg7 4. Nc3 Nf6 5. e4 O-O 6. Be2 Bg4 7. Nd2 Bxe2 8.
Qxe2 e5 9. d5 Nbd7 10. g4 a5 11. h3 Nc5 12. Nf1 c6 13. Ng3 cxd5 14. cxd5 Qd7
15. f3 Rfb8 16. Nb5 Ne8 17. Be3 b6 18. Rc1 Rc8 19. O-O Rab8 20. b3 Bf6 21. Rfd1
Bh4 22. Kh2 Bxg3+ 23. Kxg3 f5 24. Bg5 Kg7 25. exf5 gxf5 26. Kh2 f4 27. Re1 Nf6
28. Bxf6+ 1/2-1/2

[Event "NB2 Szechenyi csoport"]
[Site "Aszar"]
[Date "2024.11.03"]
[Round "1.8"]
[White "Gonczol, Gabor"]
[Black "Tanczos, Dezso"]
[Result "0-1"]
[WhiteElo "1939"]
[BlackElo "1906"]
[PlyCount "164"]
[EventDate "2024.11.03"]
[EventType "team-tourn"]
[EventRounds "11"]
[EventCountry "HUN"]
[Source "chess.hu"]
[SourceDate "2024.11.04"]
[WhiteTeam "SE Kisber-Aszar"]
[BlackTeam "Sentimento Ajka BSK "]
[WhiteTeamCountry "HUN"]
[BlackTeamCountry "HUN"]

1. Nf3 d5 2. d4 g6 3. g3 Bg7 4. Bg2 b6 5. O-O Bb7 6. b3 Nf6 7. Bb2 O-O 8. Nbd2
Nbd7 9. e3 Re8 10. c4 c6 11. Ne5 Nxe5 12. dxe5 Nd7 13. f4 e6 14. cxd5 cxd5 15.
Nc4 Bf8 16. Rc1 Rb8 17. Na3 Bc5 18. Nc2 Qe7 19. a3 b5 20. b4 Bb6 21. Nd4 a6 22.
Rf2 Rec8 23. Rfc2 Qd8 24. Kf2 Rxc2+ 25. Rxc2 Rc8 26. Qc1 Rxc2+ 27. Qxc2 Qc7 28.
Qxc7 Bxc7 29. Nb3 Bb6 30. Bd4 Bxd4 31. Nxd4 Nb6 32. Ke2 Kf8 33. Kd3 Ke7 34. g4
h6 35. f5 Nc4 36. f6+ Kd7 37. Nf3 Nxa3 38. g5 h5 39. Nd4 Nc4 40. Nf3 Bc6 41.
Kd4 Kc7 42. Ne1 a5 43. bxa5 Nxa5 44. Nd3 Kb6 45. Bh3 Be8 46. Kc3 Nc6 47. Bg2
Ka5 48. Kb3 b4 49. Bf1 Kb6 50. Nxb4 Nxe5 51. Be2 Kc5 52. Na6+ Kd6 53. Kc3 Nc6
54. Bb5 Bd7 55. Ba4 e5 56. Kd2 h4 57. Bb5 Nd8 58. Bxd7 Kxd7 59. Nb4 Kd6 60. Ke2
Ne6 61. Kf3 Nxg5+ 62. Kg4 Ne4 63. Kxh4 Nxf6 64. Kg5 Ke6 65. Nd3 Ne4+ 66. Kg4
f5+ 67. Kf3 g5 68. h3 Kd6 69. Nb4 Nf6 70. Nc2 Kc5 71. Ne1 e4+ 72. Ke2 f4 73.
exf4 gxf4 74. h4 d4 75. Kd2 Kc4 76. Ng2 f3 77. Nf4 e3+ 78. Ke1 d3 79. h5 Kc3
80. Ne2+ fxe2 81. h6 d2+ 82. Kxe2 Kc2 0-1

[Event "NB2 Szechenyi csoport"]
[Site "Aszar"]
[Date "2024.11.03"]
[Round "1.9"]
[White "Ludvai, Zsolt"]
[Black "Erdei, Lajos Jr"]
[Result "0-1"]
[WhiteElo "1864"]
[BlackElo "1948"]
[PlyCount "114"]
[EventDate "2024.11.03"]
[EventType "team-tourn"]
[EventRounds "11"]
[EventCountry "HUN"]
[Source "chess.hu"]
[SourceDate "2024.11.04"]
[WhiteTeam "Sentimento Ajka BSK "]
[BlackTeam "SE Kisber-Aszar"]
[WhiteTeamCountry "HUN"]
[BlackTeamCountry "HUN"]

1. c4 Nf6 2. Nc3 g6 3. g3 Bg7 4. Bg2 O-O 5. Nf3 d6 6. d3 e5 7. e4 Nc6 8. O-O
Bg4 9. h3 Bd7 10. Be3 Ne8 11. Qd2 f5 12. Bg5 Qc8 13. exf5 Bxf5 14. g4 Be6 15.
Nh2 Nd4 16. Nd5 Qd7 17. Rae1 c6 18. Nc3 Nf6 19. Be3 Rae8 20. f4 c5 21. fxe5
dxe5 22. Ne4 Nxe4 23. Bxe4 b6 24. Nf3 Nxf3+ 25. Rxf3 Rxf3 26. Bxf3 Rd8 27. Rd1
Qf7 28. Qe2 Qd7 29. b3 Qd6 30. Be4 Qe7 31. Kg2 Bf6 32. Rf1 Bg5 33. Rf3 Bxe3 34.
Qxe3 Rf8 35. Rxf8+ Kxf8 36. Qf3+ Kg7 37. Bd5 Bc8 38. Kg3 Qf6 39. h4 Qxf3+ 40.
Kxf3 g5 41. h5 h6 42. Be4 Kf6 43. Bd5 Bd7 44. Kg3 Ke7 45. Kf3 Kd6 46. Be4 a5
47. a4 Be6 48. Bb7 e4+ 49. Bxe4 Ke5 50. Bg6 Kd4 51. Bh7 Bd7 52. Bg6 Kc3 53. Bf5
Bc6+ 54. Ke3 Kxb3 55. Be6 Kc3 56. Bd5 Bxa4 57. Ke4 Bd7 0-1

[Event "NB2 Szechenyi csoport"]
[Site "Aszar"]
[Date "2024.11.03"]
[Round "1.10"]
[White "Malomsoki, Laszlo"]
[Black "Soos, David"]
[Result "0-1"]
[WhiteElo "1803"]
[BlackElo "1877"]
[PlyCount "82"]
[EventDate "2024.11.03"]
[EventType "team-tourn"]
[EventRounds "11"]
[EventCountry "HUN"]
[Source "chess.hu"]
[SourceDate "2024.11.04"]
[WhiteTeam "SE Kisber-Aszar"]
[BlackTeam "Sentimento Ajka BSK "]
[WhiteTeamCountry "HUN"]
[BlackTeamCountry "HUN"]

1. d4 e6 2. c4 b6 3. Nf3 Bb4+ 4. Nbd2 Nf6 5. a3 Bxd2+ 6. Bxd2 h6 7. e3 Bb7 8.
Be2 O-O 9. O-O d6 10. Bd3 Ne4 11. Bc1 Nd7 12. Qc2 f5 13. Nd2 Ndf6 14. f3 Nxd2
15. Bxd2 Qe7 16. Rae1 Nh5 17. Bc3 Qg5 18. f4 Qg6 19. Rf2 Nf6 20. d5 Ng4 21.
Rfe2 h5 22. h3 Nh6 23. e4 Rae8 24. e5 exd5 25. e6 Re7 26. Re3 dxc4 27. Bxc4 d5
28. Bb3 c5 29. Re5 d4 30. Ba5 Rc8 31. Bc4 bxa5 32. R1e2 Be4 33. Qa4 Qg3 34. Rf2
Qe3 35. Qd7 Rce8 36. Qd6 d3 37. Bb5 Qc1+ 38. Kh2 Qe1 39. Qxc5 d2 40. Bxe8 Rxe8
41. Kg3 d1=Q 0-1

[Event "NB2 Szechenyi csoport"]
[Site "Aszar"]
[Date "2024.11.03"]
[Round "1.11"]
[White "Horvath, Matyas Sandor"]
[Black "Horvath, Armin"]
[Result "1-0"]
[WhiteElo "1777"]
[BlackElo "1717"]
[PlyCount "63"]
[EventDate "2024.11.03"]
[EventType "team-tourn"]
[EventRounds "11"]
[EventCountry "HUN"]
[Source "chess.hu"]
[SourceDate "2024.11.04"]
[WhiteTeam "Sentimento Ajka BSK "]
[BlackTeam "SE Kisber-Aszar"]
[WhiteTeamCountry "HUN"]
[BlackTeamCountry "HUN"]

1. e4 e6 2. d4 d5 3. exd5 exd5 4. Nf3 Nf6 5. Bd3 Be6 6. O-O h6 7. Re1 Be7 8. h3
O-O 9. Bf4 c5 10. c3 Nc6 11. Nbd2 Qb6 12. Qb3 c4 13. Qxb6 axb6 14. Bc2 Ra6 15.
Ne5 Nxe5 16. Bxe5 Rfa8 17. a3 b5 18. f4 Nd7 19. f5 Nxe5 20. fxe6 Nc6 21. exf7+
Kxf7 22. Rf1+ Kg8 23. Rae1 Rf8 24. Bf5 Rd8 25. Nf3 Bf6 26. Re2 Raa8 27. Rfe1
Kf8 28. Bg6 Ne7 29. Bc2 Re8 30. Ne5 Nc6 31. Nd7+ Kf7 32. Bg6+ 1-0

[Event "NB2 Szechenyi csoport"]
[Site "Aszar"]
[Date "2024.11.03"]
[Round "1.12"]
[White "Balazsi-Schmidt, Csaba"]
[Black "Vincze, Otto"]
[Result "1/2-1/2"]
[WhiteElo "1684"]
[BlackElo "1793"]
[PlyCount "71"]
[EventDate "2024.11.03"]
[EventType "team-tourn"]
[EventRounds "11"]
[EventCountry "HUN"]
[Source "chess.hu"]
[SourceDate "2024.11.04"]
[WhiteTeam "SE Kisber-Aszar"]
[BlackTeam "Sentimento Ajka BSK "]
[WhiteTeamCountry "HUN"]
[BlackTeamCountry "HUN"]

1. e4 c6 2. d4 d5 3. exd5 cxd5 4. Nc3 Nf6 5. Nf3 e6 6. Bd3 Nc6 7. O-O Be7 8.
Be3 O-O 9. Qd2 a6 10. a3 b5 11. Ne2 Bb7 12. c3 Na5 13. Qc2 Rc8 14. Rfc1 Ne4 15.
Nd2 f5 16. Nf4 Qb6 17. f3 Nxd2 18. Bxd2 Bf6 19. Re1 Bxd4+ 20. Kh1 e5 21. Bxf5
exf4 22. Bxc8 Rxc8 23. b4 Nc6 24. cxd4 Nxd4 25. Qxc8+ Bxc8 26. Re8+ Kf7 27.
Rxc8 Nb3 28. Rd1 Nxd2 29. Rxd2 Qe3 30. Rd1 Qxa3 31. Rc6 Qxb4 32. Rxa6 Qc4 33.
Rd6 b4 34. R6xd5 b3 35. R1d4 Qc3 36. Rd3 1/2-1/2

[Event "NB2 Szechenyi csoport"]
[Site "Keszthely"]
[Date "2024.11.03"]
[Round "1.1"]
[White "Pergel, Laszlo"]
[Black "Pinterne, Kovacs Marta"]
[Result "1/2-1/2"]
[WhiteElo "2156"]
[BlackElo "2043"]
[PlyCount "118"]
[EventDate "2024.11.03"]
[EventType "team-tourn"]
[EventRounds "11"]
[EventCountry "HUN"]
[Source "chess.hu"]
[SourceDate "2024.11.04"]
[WhiteTeam "Haladas VSE"]
[BlackTeam "Spartacus Sportkor"]
[WhiteTeamCountry "HUN"]
[BlackTeamCountry "HUN"]

1. e4 b6 2. d4 e6 3. Bd3 Bb7 4. Nf3 d6 5. O-O g6 6. Bg5 f6 7. Bd2 Nh6 8. Re1 e5
9. Nc3 Bg7 10. dxe5 dxe5 11. Bxh6 Bxh6 12. Bc4 Nd7 13. Qe2 c6 14. a4 Qe7 15.
Red1 a5 16. Na2 Nc5 17. Nc1 Ne6 18. Ra3 Bxc1 19. Rxc1 O-O-O 20. Bxe6+ Qxe6 21.
Rb3 c5 22. Nd2 Rd4 23. f3 Rhd8 24. Nf1 f5 25. exf5 gxf5 26. Re1 e4 27. fxe4
Rxe4 28. Re3 Rdd4 29. Qf2 Rxa4 30. Nd2 Rxe3 31. Qxe3 Qxe3+ 32. Rxe3 Rg4 33. g3
Rd4 34. Re2 Kd7 35. c3 Rg4 36. Re5 f4 37. Rh5 fxg3 38. Rxh7+ Kc6 39. hxg3 Rxg3+
40. Kf2 Rg6 41. Nc4 Rf6+ 42. Ke3 Ba6 43. Ne5+ Kd5 44. Nd7 Re6+ 45. Kd2 Kc4 46.
Kc2 Re2+ 47. Kc1 Kb3 48. Rh6 Rc2+ 49. Kd1 Rxb2 50. Rxb6+ Kxc3 51. Rxb2 Kxb2 52.
Nxc5 Bc4 53. Kd2 Bb3 54. Nd3+ Ka3 55. Kc1 Bc4 56. Nb2 Bd5 57. Kb1 Kb3 58. Ka1
Bf3 59. Nd3 Kc2 1/2-1/2

[Event "NB2 Szechenyi csoport"]
[Site "Keszthely"]
[Date "2024.11.03"]
[Round "1.2"]
[White "Rezsek, Gyozo"]
[Black "Jokai, Bence"]
[Result "1-0"]
[WhiteElo "1992"]
[BlackElo "1888"]
[PlyCount "33"]
[EventDate "2024.11.03"]
[EventType "team-tourn"]
[EventRounds "11"]
[EventCountry "HUN"]
[Source "chess.hu"]
[SourceDate "2024.11.04"]
[WhiteTeam "Spartacus Sportkor"]
[BlackTeam "Haladas VSE"]
[WhiteTeamCountry "HUN"]
[BlackTeamCountry "HUN"]

1. e4 c5 2. c3 d5 3. exd5 Qxd5 4. d4 Nc6 5. Nf3 Bf5 6. Na3 e6 7. Be3 cxd4 8.
Nb5 O-O-O 9. Nbxd4 Bc5 10. Qa4 Bxd4 11. cxd4 Qd6 12. Ne5 Nxe5 13. dxe5 b5 14.
Rc1+ Qc7 15. Qa6+ Kb8 16. Rxc7 Bg4 17. Qb7# 1-0

[Event "NB2 Szechenyi csoport"]
[Site "Keszthely"]
[Date "2024.11.03"]
[Round "1.3"]
[White "Joo, Gabor"]
[Black "Nemeth, Zsolt"]
[Result "1-0"]
[WhiteElo "1948"]
[BlackElo "2012"]
[PlyCount "87"]
[EventDate "2024.11.03"]
[EventType "team-tourn"]
[EventRounds "11"]
[EventCountry "HUN"]
[Source "chess.hu"]
[SourceDate "2024.11.04"]
[WhiteTeam "Haladas VSE"]
[BlackTeam "Spartacus Sportkor"]
[WhiteTeamCountry "HUN"]
[BlackTeamCountry "HUN"]

1. e4 e5 2. Nf3 Nc6 3. d4 exd4 4. Bc4 Bc5 5. c3 Nf6 6. cxd4 Bb4+ 7. Bd2 Bxd2+
8. Nbxd2 d5 9. exd5 Nxd5 10. O-O O-O 11. Re1 Nb6 12. Bb3 Nxd4 13. Nxd4 Qxd4 14.
Nf3 Qxd1 15. Raxd1 Bg4 16. Re7 Bxf3 17. gxf3 Rac8 18. Rc1 Na8 19. Rc4 g6 20.
Rd4 Rce8 21. Rxe8 Rxe8 22. Rd7 Rf8 23. a4 a5 24. Kg2 Kg7 25. Kg3 Kf6 26. h4 h6
27. f4 Kg7 28. Kg4 Kf6 29. f3 Kg7 30. f5 Kf6 31. Kf4 gxf5 32. h5 Nb6 33. Rxc7
Nc8 34. Rxb7 Ne7 35. Rb6+ Kg7 36. Rb5 Ra8 37. Bc2 Ra6 38. Bxf5 Kf6 39. Be4 Ra7
40. Rb6+ Kg7 41. Bb7 Kf8 42. Ke5 Ke8 43. Kd6 Kd8 44. Rb5 1-0

[Event "NB2 Szechenyi csoport"]
[Site "Keszthely"]
[Date "2024.11.03"]
[Round "1.4"]
[White "Rozsa, Peter"]
[Black "Varga, Tibor"]
[Result "1/2-1/2"]
[WhiteElo "2051"]
[BlackElo "2022"]
[PlyCount "46"]
[EventDate "2024.11.03"]
[EventType "team-tourn"]
[EventRounds "11"]
[EventCountry "HUN"]
[Source "chess.hu"]
[SourceDate "2024.11.04"]
[WhiteTeam "Spartacus Sportkor"]
[BlackTeam "Haladas VSE"]
[WhiteTeamCountry "HUN"]
[BlackTeamCountry "HUN"]

1. Nc3 d5 2. e4 d4 3. Nce2 e5 4. Nf3 Nc6 5. Ng3 Be6 6. Bb5 f6 7. Bxc6+ bxc6 8.
d3 Bb4+ 9. Bd2 Bxd2+ 10. Qxd2 Ne7 11. O-O Qd6 12. Rfc1 O-O 13. Ne1 Rab8 14. b3
Rb6 15. Ne2 f5 16. f3 f4 17. c3 c5 18. Rc2 Nc6 19. Rac1 Rf7 20. Rb2 Bc8 21. Nc2
Rd7 22. cxd4 cxd4 23. b4 Rf7 1/2-1/2